Sports Quiz

Random Sports or Soccer Quiz

English Football Clubs Quiz Stats

 Plays Quiz Updated Aug 17, 2020

Support Sporcle.
Go Orange.
Score 0/158 Timer 18:00
0 Plays Today
League Club % Correct
Premier LeagueArsenal
96.5%
Premier LeagueManchester United
96.2%
Premier LeagueManchester City
95.8%
Premier LeagueChelsea
95.4%
Premier LeagueLiverpool
94.9%
Premier LeagueTottenham Hotspur
92.6%
Premier LeagueAston Villa
92.4%
Premier LeagueEverton
92.2%
Premier LeagueWest Ham United
91.4%
Premier LeagueNewcastle United
90.5%
Premier LeagueWolverhampton Wanderers
90.2%
Premier LeagueBrighton & Hove Albion
89.3%
Premier LeagueLeicester City
89.3%
Premier LeagueSouthampton
88.1%
ChampionshipNorwich City
88.1%
Premier LeagueSheffield United
87.7%
ChampionshipAFC Bournemouth
87.3%
Premier LeagueBurnley
87%
ChampionshipBarnsley
86.3%
Premier LeagueFulham
85.1%
Premier LeagueLeeds United
84.7%
ChampionshipWatford
84.5%
Premier LeagueCrystal Palace
84.2%
Premier LeagueWest Bromwich Albion
84.2%
ChampionshipBirmingham City
82.7%
ChampionshipCardiff City
82.7%
ChampionshipSwansea City
82.4%
League OneSunderland
82.3%
ChampionshipSheffield Wednesday
79.5%
ChampionshipNottingham Forest
79.2%
League OnePortsmouth
78.6%
ChampionshipDerby County
78.2%
ChampionshipBlackburn Rovers
77.5%
ChampionshipStoke City
76.3%
League OneHull City
76.2%
ChampionshipQueens Park Rangers
75%
League TwoBolton Wanderers
74.3%
ChampionshipMiddlesbrough
73.8%
ChampionshipReading
73.3%
League OneWigan Athletic
72.8%
League OneBlackpool
72.2%
ChampionshipHuddersfield Town
71.6%
League OneIpswich Town
71.3%
League OneCharlton Athletic
70.6%
ChampionshipLuton Town
70.2%
League OneAFC Wimbledon
70%
ChampionshipMillwall
69.3%
ChampionshipPreston North End
68.6%
ChampionshipBrentford
68.5%
ChampionshipBristol City
68.4%
League OneOxford United
68.3%
League OneBristol Rovers
67.6%
League OneAccrington Stanley
66.7%
League Club % Correct
ChampionshipCoventry City
65.8%
League OneMilton Keynes Dons
65.7%
ChampionshipWycombe Wanderers
65%
League TwoBradford City
63.5%
League TwoCambridge United
63.1%
League TwoExeter City
62.8%
National LeagueNotts County
62.3%
League TwoTranmere Rovers
60.9%
League OneNorthampton Town
60.8%
League TwoOldham Athletic
60.7%
League TwoSalford City
60.5%
League OneDoncaster Rovers
60.3%
League TwoCarlisle United
60%
League OneLincoln City
59.6%
National League NorthChester
59.5%
ChampionshipRotherham United
59.3%
League OneSwindon Town
59.1%
League OnePeterborough United
58.9%
League TwoSouthend United
58.7%
League OneGillingham
58.6%
National LeagueYeovil Town
58%
League OnePlymouth Argyle
57.5%
League TwoLeyton Orient
56.9%
League OneBurton Albion
56.1%
League TwoColchester United
55.7%
League TwoForest Green Rovers
54.2%
National League NorthYork City
54.1%
League OneShrewsbury Town
53.9%
League OneCrewe Alexandra
53.1%
National LeagueWrexham
52.9%
League TwoPort Vale
52.7%
League OneFleetwood Town
52.7%
League TwoWalsall
52.4%
League TwoGrimsby Town
52.3%
League OneRochdale
51.5%
League TwoNewport County
51.4%
National LeagueDagenham & Redbridge
50.8%
League TwoMansfield Town
50.8%
National League SouthOxford City
50.5%
National LeagueHartlepool United
50.3%
National LeagueChesterfield
50%
League TwoScunthorpe United
49.4%
League TwoCrawley Town
47.6%
National LeagueBarnet
47.3%
League TwoStevenage
47.2%
National LeagueTorquay United
45.6%
National LeagueAldershot Town
45.6%
League TwoMorecambe
45.1%
National LeagueDover Athletic
44.8%
National LeagueStockport County
43.4%
League TwoCheltenham Town
42.2%
National LeagueHalifax Town
40.2%
League TwoBarrow
39.4%
League Club % Correct
National League SouthBath City
39%
National League NorthHereford FC
36.9%
National League NorthKidderminster Harriers
36.9%
League TwoHarrogate Town
36.7%
National LeagueWoking
36.2%
National League NorthKettering Town
35.8%
National League NorthSouthport
35.7%
National LeagueBromley
34.3%
National League NorthGateshead
34.3%
National League NorthFylde
33.6%
National LeagueMaidenhead United
32.5%
National League NorthGloucester City
32.3%
National League NorthBoston United
31.9%
National League SouthEbbsfleet United
31.8%
National LeagueSutton United
31.4%
National LeagueEastleigh
31.3%
National League NorthAFC Telford United
31.2%
National League SouthMaidstone United
30.8%
National League NorthDarlington 1883
30%
National League NorthChorley
29.9%
National LeagueAltrincham
29.8%
National LeagueWeymouth
28.3%
National League NorthBlyth Spartans
28%
National League SouthHavant & Waterlooville
27.6%
National LeagueBoreham Wood
27.5%
National League SouthTonbridge Angels
26.8%
National LeagueSolihull Moors
25.9%
National League SouthChelmsford City
25.8%
National LeagueKing's Lynn Town
25.4%
National League SouthSlough Town
25.2%
National League NorthGuiseley
23.4%
National League SouthWelling United
23.3%
National League SouthBillericay Town
23.1%
National League SouthEastbourne Borough
22.8%
National League SouthDartford
22.8%
National League NorthAlfreton Town
22.5%
National League SouthSt Albans City
22.4%
National League NorthBradford Park Avenue
22.4%
National League NorthLeamington
21.5%
National League SouthHampton & Richmond Borough
20.9%
National League NorthBrackley Town
20.5%
National League SouthDulwich Hamlet
20.4%
National League NorthSpennymoor Town
19.7%
National League SouthBraintree Town
19.7%
National League NorthFarsley Celtic
19.6%
National League SouthDorking Wanderers
19.6%
National League SouthChippenham Town
19.5%
National LeagueWealdstone
19.4%
National League SouthHungerford Town
19.3%
National League SouthHemel Hempstead Town
19%
National League NorthCurzon Ashton
18.4%
National League SouthConcord Rangers
17.7%

You're not logged in!

Compare scores with friends on all Sporcle quizzes.
OR
Log In

From the Vault

'I' in History

by wiggytitch

You and 'I' can make history together.
Remove Ads.
Support Sporcle.
Get the best of Sporcle when you Go Orange. This ad-free experience offers more features, more stats, and more fun while also helping to support Sporcle. Thank you for becoming a member.

Show Comments

Extras

Top Quizzes Today


Score Distribution

Your Account Isn't Verified!

In order to create a playlist on Sporcle, you need to verify the email address you used during registration. Go to your Sporcle Settings to finish the process.

Report this User

Report this user for behavior that violates our Community Guidelines.

Details: